000 00864nam a2200217 a 4500
001 83740
003 BD-RjUL
005 20240514125902.0
008 240514s1986 bg ||||| |||| 00| 0 eng d
035 _a(BD-RjUL)83740
040 _aBD-RjUL
_beng
_cBD-RjUL
041 _aben
082 _223
_a954.9
_bREB 1986
100 _aরেজা, শাহ আহমদ
_913005
245 _aভাসানীর কাগমারী সম্মেলন ও স্বায়ত্তশাসনের সংগ্রাম /
_cশাহ আহমদ রেজা
260 _aঢাকা :
_bগণপ্রকাশনী,
_c১৯৮৬
300 _a১১২ পৃ.;
_c২১ সেমি.
650 _aপাকিস্তান
_xরাজনীতি ও সরকার
_913006
650 _aPakistan
_xPolitics and Government
_913007
942 _2ddc
_cBK
999 _c83740
_d83740